00458nam a2200157Ia 4500100002300000650000600023942000700029366000700036245002000043260001400063082001500077300000800092546002300100999001700123952016000140 aThorat/ Sandeep A  aC cBK f25 aC Interview Q&A bSPDc2011 a5.133bTHO a170 aENGLISHcComputers c19760d19760 001040708CRCaCRCEbCRCEd2023-03-17eDharma Enterprisesg112.50i19 dt 10/04/2012l2o5.133 THOp21950r2024-12-20s2024-12-12v150.00w0000-00-00yBK